UM Logo

The pearl thief / (Record no. 14128)

MARC details
000 -LEADER
fixed length control field 01770cam a2200385 i 4500
001 - CONTROL NUMBER
control field 19416851
005 - DATE AND TIME OF LATEST TRANSACTION
control field 20190816102547.0
008 - FIXED-LENGTH DATA ELEMENTS--GENERAL INFORMATION
fixed length control field 161223s2017 cau d b 000 1 eng
010 ## - LIBRARY OF CONGRESS CONTROL NUMBER
LC control number 2016041527
020 ## - INTERNATIONAL STANDARD BOOK NUMBER
International Standard Book Number 978-148472370-8
020 ## - INTERNATIONAL STANDARD BOOK NUMBER
International Standard Book Number 1484717163 (hardcover)
040 ## - CATALOGING SOURCE
Original cataloging agency DLC
Language of cataloging eng
Transcribing agency DLC
Description conventions rda
Modifying agency DLC
042 ## - AUTHENTICATION CODE
Authentication code lcac
-- pcc
050 00 - LIBRARY OF CONGRESS CALL NUMBER
Classification number PZ7.W4358
Item number Pe 2017
082 00 - DEWEY DECIMAL CLASSIFICATION NUMBER
Classification number DFic
Edition number ©2017.
Item number W430
100 1# - MAIN ENTRY--PERSONAL NAME
Personal name Wein, Elizabeth,
Relator term author.
9 (RLIN) 39178
245 14 - TITLE STATEMENT
Title The pearl thief /
Statement of responsibility, etc. by Elizabeth Wein.
250 ## - EDITION STATEMENT
Edition statement First edition.
260 ## - PUBLICATION, DISTRIBUTION, ETC. (IMPRINT)
Place of publication, distribution, etc. Los Angeles:
Name of publisher, distributor, etc. Hyperion,
Date of publication, distribution, etc. ©2017
300 ## - PHYSICAL DESCRIPTION
Extent 325 pages ;
Dimensions 22 cm
500 ## - GENERAL NOTE
General note Prequel to: Code name Verity.
504 ## - BIBLIOGRAPHY, ETC. NOTE
Bibliography, etc Includes bibliographical references.
520 ## - SUMMARY, ETC.
Summary, etc. Fifteen-year-old Julia Beaufort-Stuart wakes up in a hospital not knowing how she was injured, and soon befriends Euan McEwen, the Scottish Traveller boy who found her, and later, when a body is discovered, she experiences the prejudices his family has endured and tries to keep them from being framed for the crime.
650 #0 - SUBJECT ADDED ENTRY--TOPICAL TERM
Topical term or geographic name as entry element Scottish Travellers (Nomadic people)
Form subdivision Juvenile fiction.
9 (RLIN) 39179
650 #1 - SUBJECT ADDED ENTRY--TOPICAL TERM
Topical term or geographic name as entry element Scottish Travellers (Nomadic people)
Form subdivision Fiction.
9 (RLIN) 39180
650 #1 - SUBJECT ADDED ENTRY--TOPICAL TERM
Topical term or geographic name as entry element Mystery and detective stories.
9 (RLIN) 39181
650 #1 - SUBJECT ADDED ENTRY--TOPICAL TERM
Topical term or geographic name as entry element Friendship
Form subdivision Fiction.
9 (RLIN) 39182
650 #1 - SUBJECT ADDED ENTRY--TOPICAL TERM
Topical term or geographic name as entry element Prejudices
Form subdivision Fiction.
9 (RLIN) 39183
651 #1 - SUBJECT ADDED ENTRY--GEOGRAPHIC NAME
Geographic name Scotland
General subdivision History
Chronological subdivision 20th century
Form subdivision Fiction.
9 (RLIN) 39184
776 08 - ADDITIONAL PHYSICAL FORM ENTRY
Relationship information Online version:
Main entry heading Wein, Elizabeth, author.
Title Pearl thief
Edition First edition.
Place, publisher, and date of publication Los Angeles : Hyperion, 2017
International Standard Book Number 9781484719510
Record control number (DLC) 2017000745
365 ## - TRADE PRICE
Price amount 970.00
Currency code Php
906 ## - LOCAL DATA ELEMENT F, LDF (RLIN)
a 7
b cbc
c orignew
d 1
e ecip
f 20
g y-gencatlg
942 ## - ADDED ENTRY ELEMENTS (KOHA)
Source of classification or shelving scheme Dewey Decimal Classification
Koha item type Digos Fiction
Holdings
Withdrawn status Lost status Source of classification or shelving scheme Damaged status Not for loan Collection code Home library Current library Shelving location Date acquired Source of acquisition Cost, normal purchase price Total Checkouts Full call number Barcode Date last seen Date last checked out Copy number Price effective from Koha item type
    Dewey Decimal Classification     Fiction UM Digos College - LIC UM Digos College - LIC Book Cart 08/08/2019 Purchased 970.00 1 DFic W430 2017 25431 05/15/2025 01/08/2020 1 08/16/2019 Digos Fiction